Educación básica en América Latina y El Caribe
Wedi'i Gadw mewn:
| Awdur Corfforaethol: | |
|---|---|
| Fformat: | Llyfr |
| Iaith: | Sbaeneg |
| Cyhoeddwyd: |
Bogotá
UNICEF
1996
|
| Pynciau: | |
| Tagiau: |
Ychwanegu Tag
Dim Tagiau, Byddwch y cyntaf i dagio'r cofnod hwn!
|
MARC
| LEADER | 00000nam a2200000 a 4500 | ||
|---|---|---|---|
| 001 | UCP1329 | ||
| 003 | CL-VaPUC | ||
| 008 | 990409e19960000CK |||||||||||||||||spa|d | ||
| 020 | |a 9280632353 | ||
| 082 | 0 | 4 | |a 372 |b COM |2 21 |
| 110 | 2 | |a Comite Coordinador Interagencial para las américas |e author |9 427315 | |
| 245 | 1 | 0 | |a Educación básica en América Latina y El Caribe |
| 300 | |a 20 p | ||
| 942 | |c BK | ||
| 945 | |d 19990409 00:00:00 |a rbrito | ||
| 260 | |a Bogotá |b UNICEF |c 1996 | ||
| 650 | 0 | |a Educación básica |9 224933 | |
| 650 | 0 | |a Aprendizaje |9 254827 | |
| 650 | 0 | |a Educación preescolar |9 260381 | |
| 651 | 0 | |a América Latina |9 255027 | |
| 651 | 7 | |a EL ISLAS CARIBES |2 CL-VaPUC |9 353142 | |
| 583 | |a last modification |c 19990409 00:00:00 |k Rodrigo Vera | ||
| 999 | |c 280018 |d 280016 | ||
| 952 | |0 0 |1 0 |4 0 |6 372_000000000000000_COM_1996 |7 0 |8 P |9 319988 |a BIBEDU |b BIBEDU |c BIBEDU_PB |d 2019-11-20 |i 3488098 |o 372 COM 1996 |p 3488098 |r 2024-01-25 |w 2019-11-20 |y BK |k EDU | ||
| 952 | |0 0 |1 0 |4 0 |6 372_000000000000000_COM_1996 |7 0 |8 P |9 319989 |a BIBEDU |b BIBEDU |c BIBEDU_PB |d 2019-11-20 |i 3630919 |o 372 COM 1996 |p 3630919 |r 2024-01-25 |w 2019-11-20 |y BK |k BME | ||
| 952 | |0 0 |1 0 |4 0 |6 372_000000000000000_COM_1996 |7 0 |8 P |9 319990 |a BIBEDU |b BIBEDU |c BIBEDU_PB |d 2019-11-20 |i 4013581 |o 372 COM 1996 |p 4013581 |r 2024-01-25 |w 2019-11-20 |y BK |k EPE | ||